| 000 | 00851 a2200241 4500 | ||
|---|---|---|---|
| 003 | OSt | ||
| 005 | 20230622104106.0 | ||
| 008 | 230124s2017 mx a||||r|||| 00| 0 spa d | ||
| 020 | _a9786071729880 | ||
| 040 | _cCHAP | ||
| 082 | 0 | 0 |
_222 _a631.584 _bC39 |
| 100 | 1 |
_921318 _aCepeda Siller, Melchor |
|
| 245 | 1 | 3 |
_aLa agricultura orgánica con énfasis en la parasitología agrícola / _cpor Melchor Cepeda Siller. |
| 264 | 1 |
_aCiudad de México : _bTrillas, _c2017. |
|
| 300 |
_a160 páginas: _btablas, figuras, cuadros. |
||
| 504 | _aIncluye bibliografía e índice. | ||
| 650 | 4 |
_92010 _aAgricultura sustentable |
|
| 650 | 4 |
_9146084 _aPlagas agrícolas _x Control biológico |
|
| 650 | 4 |
_935165 _aEcología agrícola |
|
| 650 | 4 |
_9186341 _aPlaguicidas _yAplicación |
|
| 650 | 4 |
_9133644 _aExtractos vegetales como insecticida |
|
| 942 |
_cLibro _2ddc |
||
| 999 |
_c218149 _d218149 |
||